000 01141nam a22003377a 4500
001 BR2020000253
003 BR-BrBNA
005 20230928105509.0
007 ta
008 230509b bl.||||| |||| 00| 0 por d
020 _a978-65-81448-03-5
040 _aBR-BrBNA
_bpor
_cBiblioteca Nacional de Agricultura
041 _a(Por)
072 _aE40; E14
090 _ E40 BR2020000253
100 1 _aFerreira Neto, J.A. (coord.)
100 1 _aReis, B. dos. S. (coord.)
110 1 _aUniversidade Federal de Viçosa, MG (Brasil). Departamento de Economia Rural
_911009
245 1 _aPolíticas públicas e agricultura familiar: características e mecanismos de acesso
_bProjeto Cooperativismo SAF/UFV. Curso de capacitação. Módulo 4
260 3 _aViçosa, MG (Brasil):
_c2019.
300 _a161 p.
500 _aBibliography p. 147-161 (63 ref.); 41 illus; 34 tables
650 _aCOOPERATIVISMO
650 _aAGRICULTURA FAMILIAR
650 _aPOLÍTICAS PÚBLICAS
650 _aPOLÍTICA GOVERNAMENTAL
650 _aFINANCIAMENTO
650 _aPREÇO MÍNIMO
909 _a202309
_bLucia
_c55
_dLucia Elande
942 _cBK
999 _c85396
_d85396